000 00306nam a22001337a 4500
008 171031b xxu||||| |||| 00| 0 eng d
020 _a2900073403044
041 _aeng
080 _a33
100 _a58
101 _aBUS
245 _aBUSINESS ETHICS A REAL WORLD APPROACH
_cGHILLYER,A
942 _2udc
_cBK
999 _c36658
_d36658